[Event "IMP Kobiet do lat 20"]
[Site "Chotowa"]
[Date "2023.10.31"]
[Round "7.3"]
[White "Barwinska, Ewa"]
[Black "Starosta, Martyna"]
[Result "1-0"]
[BlackElo "2180"]
[WhiteElo "1974"]
[LiveChessVersion "1.4.8"]

1. e4 {[%clk 1:28:58]} c6 {[%clk 1:30:55]} 2. Nf3 {[%clk 1:29:18]} d5
{[%clk 1:31:20]} 3. d3 {[%clk 1:29:39]} dxe4 {[%clk 1:30:20]} 4. dxe4
{[%clk 1:30:02]} Qxd1+ {[%clk 1:30:27]} 5. Kxd1 {[%clk 1:30:26]} Nf6
{[%clk 1:29:39]} 6. Nfd2 {[%clk 1:30:48]} h5 {[%clk 1:29:50]} 7. h4
{[%clk 1:25:29]} g6 {[%clk 1:27:16]} 8. Bd3 {[%clk 1:22:29]} Be6 {[%clk 1:25:31]}
9. f3 {[%clk 1:15:36]} Nbd7 {[%clk 1:23:57]} 10. Bc4 {[%clk 1:13:00]} Nc5
{[%clk 1:21:03]} 11. c3 {[%clk 1:11:23]} O-O-O {[%clk 1:03:41]} 12. Kc2
{[%clk 1:10:13]} Bh6 {[%clk 1:03:00]} 13. b4 {[%clk 1:05:05]} Bxc4
{[%clk 0:58:43]} 14. Nxc4 {[%clk 1:05:33]} Bxc1 {[%clk 0:58:17]} 15. Rxc1
{[%clk 1:05:42]} Nd3 {[%clk 0:57:02]} 16. Rd1 {[%clk 1:02:53]} Nf4
{[%clk 0:56:46]} 17. Rg1 {[%clk 1:02:50]} Nd7 {[%clk 0:54:53]} 18. g3
{[%clk 1:02:35]} Nd3 {[%clk 0:52:43]} 19. Nbd2 {[%clk 0:53:56]} N7e5
{[%clk 0:48:44]} 20. Ne3 {[%clk 0:45:41]} Nb2 {[%clk 0:33:28]} 21. f4
{[%clk 0:41:02]} Ned3 {[%clk 0:30:13]} 22. Nf3 {[%clk 0:34:16]} f6
{[%clk 0:18:45]} 23. f5 {[%clk 0:25:32]} Rhg8 {[%clk 0:15:26]} 24. Nd4
{[%clk 0:23:34]} gxf5 {[%clk 0:14:16]} 25. exf5 {[%clk 0:23:02]} Rd6
{[%clk 0:13:42]} 26. Rab1 {[%clk 0:20:30]} b6 {[%clk 0:13:23]} 27. Ne6
{[%clk 0:12:15]} Na4 {[%clk 0:08:44]} 28. Nc4 {[%clk 0:08:21]} Rd5
{[%clk 0:08:39]} 29. Rbd1 {[%clk 0:07:53]} Ne5 {[%clk 0:05:55]} 30. Rxd5
{[%clk 0:06:46]} cxd5 {[%clk 0:06:23]} 31. Ne3 {[%clk 0:06:43]} Nf3
{[%clk 0:02:47]} 32. Nxd5 {[%clk 0:06:55]} Rg4 {[%clk 0:01:59]} 33. Rd1
{[%clk 0:05:41]} Ne5 {[%clk 0:00:59]} 34. Kb3 {[%clk 0:05:08]} b5
{[%clk 0:01:11]} 35. Nxe7+ {[%clk 0:05:27]} Kb7 {[%clk 0:00:56]} 36. Nd8+
{[%clk 0:02:49]} Kb8 {[%clk 0:00:46]} 37. Ndc6+ {[%clk 0:02:14]} Nxc6
{[%clk 0:01:14]} 38. Nxc6+ {[%clk 0:02:39]} Kc7 {[%clk 0:00:56]} 39. Nd4
{[%clk 0:02:41]} a6 {[%clk 0:00:43]} 40. Ne6+ {[%clk 0:31:50]} Kc6
{[%clk 0:31:00]} 41. Rd3 {[%clk 0:29:17]} Re4 {[%clk 0:30:28]} 42. Kc2
{[%clk 0:21:30]} Re2+ {[%clk 0:26:50]} 43. Rd2 {[%clk 0:21:45]} Re3
{[%clk 0:26:52]} 44. Nd4+ {[%clk 0:21:20]} Kc7 {[%clk 0:25:39]} 45. Rd3
{[%clk 0:21:31]} Re1 {[%clk 0:25:52]} 46. Ne6+ {[%clk 0:17:09]} Kc6
{[%clk 0:26:00]} 47. Nf4 {[%clk 0:16:19]} Ra1 {[%clk 0:22:40]} 48. Nxh5
{[%clk 0:15:10]} Rxa2+ {[%clk 0:23:03]} 49. Kc1 {[%clk 0:14:50]} Rf2
{[%clk 0:22:41]} 50. Nf4 {[%clk 0:13:54]} Rf1+ {[%clk 0:20:29]} 51. Kd2
{[%clk 0:10:51]} Nb2 {[%clk 0:20:16]} 52. Ke2 {[%clk 0:10:54]} Rc1
{[%clk 0:18:41]} 53. Re3 {[%clk 0:10:06]} Rc2+ {[%clk 0:18:22]} 54. Kf3
{[%clk 0:08:50]} Nc4 {[%clk 0:18:27]} 55. Re6+ {[%clk 0:08:44]} Kd7
{[%clk 0:18:48]} 56. Rxf6 {[%clk 0:07:27]} Rxc3+ {[%clk 0:18:40]} 57. Kg4
{[%clk 0:06:41]} Nd6 {[%clk 0:16:06]} 58. Re6 {[%clk 0:03:53]} a5
{[%clk 0:15:31]} 59. bxa5 {[%clk 0:03:03]} b4 {[%clk 0:15:20]} 60. a6
{[%clk 0:01:49]} Ra3 {[%clk 0:15:14]} 61. Nd5 b3 {[%clk 0:11:31]} 62. Nb6+
{[%clk 0:00:58]} Kc7 {[%clk 0:11:29]} 63. Rxd6 {[%clk 0:00:40]} b2
{[%clk 0:11:08]} 64. Rd1 {[%clk 0:01:04]} Ra1 {[%clk 0:10:47]} 65. Nc4
{[%clk 0:01:12]} Rxd1 {[%clk 0:10:10]} 66. Nxb2 {[%clk 0:01:37]} Rd2
{[%clk 0:09:01]} 67. Kg5 {[%clk 0:00:44]} Rxb2 {[%clk 0:09:29]} 68. h5
{[%clk 0:00:55]} Ra2 {[%clk 0:08:12]} 69. h6 {[%clk 0:01:13]} Rxa6
{[%clk 0:08:05]} 70. h7 {[%clk 0:01:03]} Ra8 {[%clk 0:08:33]} 71. Kg6
{[%clk 0:01:14]} Kd6 {[%clk 0:07:42]} 72. g4 {[%clk 0:01:11]} Ke5
{[%clk 0:05:52]} 73. g5 {[%clk 0:00:59]} Kf4 {[%clk 0:03:01]} 74. f6
{[%clk 0:01:00]} Ke5 {[%clk 0:02:05]} 75. Kg7 {[%clk 0:00:51]} Ke6
{[%clk 0:01:30]} 76. h8=Q {[%clk 0:00:53]} Kd5 1-0

[Event "IMP Kobiet do lat 20"]
[Site "Chotowa"]
[Date "2023.10.31"]
[Round "7.4"]
[White "Waszczuk, Patrycja"]
[Black "Matskevich, Varvara"]
[Result "0-1"]
[BlackElo "1722"]
[WhiteElo "2248"]
[LiveChessVersion "1.4.8"]

1. e4 {[%clk 1:30:59]} c5 {[%clk 1:29:40]} 2. Nc3 {[%clk 1:31:25]} e5
{[%clk 1:26:07]} 3. g3 {[%clk 1:31:21]} g6 {[%clk 1:24:14]} 4. Bg2
{[%clk 1:31:37]} Bg7 {[%clk 1:23:37]} 5. d3 {[%clk 1:30:13]} Ne7 {[%clk 1:21:50]}
6. Be3 {[%clk 1:29:57]} d6 {[%clk 1:18:09]} 7. Qd2 {[%clk 1:28:31]} Nbc6
{[%clk 1:16:24]} 8. Bh6 {[%clk 1:19:13]} Bxh6 {[%clk 1:13:45]} 9. Qxh6
{[%clk 1:19:28]} Ng8 {[%clk 1:13:47]} 10. Qd2 {[%clk 1:18:34]} Be6
{[%clk 1:13:26]} 11. Nge2 {[%clk 1:16:59]} Nge7 {[%clk 1:12:17]} 12. O-O
{[%clk 1:09:17]} O-O {[%clk 1:09:27]} 13. Nd5 {[%clk 1:06:03]} f5
{[%clk 1:06:58]} 14. f4 {[%clk 1:04:33]} Kg7 {[%clk 1:03:28]} 15. c3
{[%clk 1:02:21]} Qd7 {[%clk 1:01:44]} 16. b4 {[%clk 0:55:00]} cxb4
{[%clk 0:53:41]} 17. cxb4 {[%clk 0:54:58]} Bxd5 {[%clk 0:52:04]} 18. exd5
{[%clk 0:54:56]} Nd8 {[%clk 0:52:15]} 19. Qb2 {[%clk 0:39:49]} Nf7
{[%clk 0:50:23]} 20. a4 {[%clk 0:34:52]} Rfc8 {[%clk 0:47:53]} 21. g4
{[%clk 0:29:31]} fxg4 {[%clk 0:41:47]} 22. d4 {[%clk 0:25:04]} e4
{[%clk 0:37:59]} 23. Ng3 {[%clk 0:21:12]} Nf5 {[%clk 0:33:45]} 24. Nxe4
{[%clk 0:19:47]} Qc7 {[%clk 0:29:50]} 25. Qe2 {[%clk 0:18:34]} Qb6
{[%clk 0:28:04]} 26. Rad1 {[%clk 0:15:38]} Qxb4 {[%clk 0:23:46]} 27. Ng5
{[%clk 0:14:53]} Nxg5 {[%clk 0:19:01]} 28. fxg5 {[%clk 0:15:21]} Re8
{[%clk 0:18:48]} 29. Qxg4 {[%clk 0:15:29]} Re7 {[%clk 0:17:16]} 30. Qf4
{[%clk 0:10:08]} Rae8 {[%clk 0:14:49]} 31. Bh3 {[%clk 0:08:57]} Re4
{[%clk 0:13:37]} 32. Qc1 {[%clk 0:07:25]} Nxd4 {[%clk 0:05:30]} 33. Kh1
{[%clk 0:06:06]} Ne2 {[%clk 0:03:49]} 34. Qc2 {[%clk 0:03:52]} Qc3
{[%clk 0:03:29]} 35. Qxc3+ {[%clk 0:03:15]} Nxc3 {[%clk 0:03:57]} 36. Rc1
{[%clk 0:03:35]} Nxa4 {[%clk 0:03:37]} 37. Rf6 {[%clk 0:01:33]} Re1+
{[%clk 0:03:27]} 38. Rxe1 {[%clk 0:02:01]} Rxe1+ {[%clk 0:03:54]} 39. Kg2
{[%clk 0:02:13]} Re7 {[%clk 0:04:13]} 40. Rxd6 {[%clk 0:32:31]} Nb6
{[%clk 0:33:43]} 41. Rd8 {[%clk 0:28:58]} Rf7 {[%clk 0:33:02]} 42. Rd6
{[%clk 0:16:46]} Kf8 {[%clk 0:29:46]} 43. Kg3 {[%clk 0:13:41]} Ke8
{[%clk 0:21:28]} 44. Bg2 {[%clk 0:12:05]} Rd7 {[%clk 0:17:52]} 45. Re6+
{[%clk 0:12:26]} Kf7 {[%clk 0:16:02]} 46. Re5 {[%clk 0:10:47]} Re7
{[%clk 0:14:29]} 47. Kf4 {[%clk 0:10:39]} Nc4 {[%clk 0:13:43]} 48. Rxe7+
{[%clk 0:10:41]} Kxe7 {[%clk 0:14:06]} 49. Ke4 {[%clk 0:09:05]} Nd6+
{[%clk 0:13:35]} 50. Kd4 {[%clk 0:09:16]} b6 {[%clk 0:13:58]} 51. Bf1
{[%clk 0:09:09]} Nf7 {[%clk 0:13:59]} 52. h4 {[%clk 0:09:24]} Kd6
{[%clk 0:14:22]} 53. Bd3 {[%clk 0:08:41]} Ne5 {[%clk 0:14:21]} 54. Be2
{[%clk 0:08:55]} a5 {[%clk 0:14:17]} 55. h5 {[%clk 0:07:11]} gxh5
{[%clk 0:14:19]} 56. Bxh5 {[%clk 0:07:40]} b5 {[%clk 0:12:32]} 57. Be2
{[%clk 0:07:08]} b4 {[%clk 0:12:33]} 58. Bd1 {[%clk 0:07:07]} Nf7
{[%clk 0:12:27]} 59. Bf3 {[%clk 0:04:30]} Nxg5 {[%clk 0:12:49]} 60. Bh1
{[%clk 0:04:59]} h5 {[%clk 0:12:42]} 61. Kc4 {[%clk 0:05:17]} h4 {[%clk 0:12:51]}
62. Kb3 {[%clk 0:05:14]} h3 {[%clk 0:13:03]} 63. Kc4 {[%clk 0:05:26]} h2
{[%clk 0:13:23]} 64. Bg2 {[%clk 0:05:44]} Nh3 {[%clk 0:13:19]} 0-1

[Event "IMP Kobiet do lat 20"]
[Site "Chotowa"]
[Date "2023.10.31"]
[Round "7.5"]
[White "Szczotka, Klara"]
[Black "Dylag, Emilia"]
[Result "1-0"]
[BlackElo "2163"]
[WhiteElo "2020"]
[LiveChessVersion "1.4.8"]

1. e4 {[%clk 1:24:57]} e5 {[%clk 1:30:50]} 2. Nf3 {[%clk 1:25:24]} Nc6
{[%clk 1:31:08]} 3. Bb5 {[%clk 1:25:51]} a6 {[%clk 1:31:28]} 4. Ba4
{[%clk 1:26:10]} Nge7 {[%clk 1:31:49]} 5. d4 {[%clk 1:20:37]} exd4
{[%clk 1:30:45]} 6. Nxd4 {[%clk 1:20:40]} Nxd4 {[%clk 1:18:21]} 7. Qxd4
{[%clk 1:20:53]} b5 {[%clk 1:15:12]} 8. Bb3 {[%clk 1:21:03]} d6 {[%clk 1:10:58]}
9. c4 {[%clk 1:07:44]} c5 {[%clk 1:05:34]} 10. Qd3 {[%clk 1:07:41]} Ng6
{[%clk 0:56:26]} 11. f4 {[%clk 1:04:19]} Be7 {[%clk 0:44:27]} 12. Nc3
{[%clk 1:01:49]} O-O {[%clk 0:42:48]} 13. cxb5 {[%clk 0:55:28]} Bf6
{[%clk 0:39:00]} 14. Bc4 {[%clk 0:49:45]} Bxc3+ {[%clk 0:24:25]} 15. bxc3
{[%clk 0:48:49]} Bb7 {[%clk 0:19:31]} 16. O-O {[%clk 0:46:08]} axb5
{[%clk 0:19:29]} 17. Bxb5 {[%clk 0:45:53]} f5 {[%clk 0:16:26]} 18. Bc4+
{[%clk 0:43:09]} Kh8 {[%clk 0:16:51]} 19. Bd5 {[%clk 0:43:22]} fxe4
{[%clk 0:12:57]} 20. Qxe4 {[%clk 0:42:11]} Bxd5 {[%clk 0:06:38]} 21. Qxd5
{[%clk 0:42:36]} Qf6 {[%clk 0:06:11]} 22. Bd2 {[%clk 0:39:04]} Ne7
{[%clk 0:05:46]} 23. Qd3 {[%clk 0:39:02]} d5 {[%clk 0:04:33]} 24. a4
{[%clk 0:38:26]} Rfd8 {[%clk 0:03:55]} 25. a5 {[%clk 0:35:05]} c4
{[%clk 0:02:35]} 26. Qd4 {[%clk 0:34:49]} Nc6 {[%clk 0:00:59]} 27. Qxf6
{[%clk 0:34:48]} gxf6 {[%clk 0:01:25]} 28. a6 {[%clk 0:35:00]} d4
{[%clk 0:00:59]} 29. Rfe1 {[%clk 0:33:03]} Rd6 {[%clk 0:00:56]} 30. Ra4
{[%clk 0:31:47]} Kg7 {[%clk 0:00:57]} 31. Rea1 {[%clk 0:31:42]} dxc3
{[%clk 0:00:44]} 32. Bxc3 {[%clk 0:32:02]} Nb8 {[%clk 0:00:35]} 33. a7
{[%clk 0:32:21]} Nc6 {[%clk 0:00:40]} 34. Rxc4 {[%clk 0:32:29]} Kg6
{[%clk 0:00:44]} 35. Ra6 {[%clk 0:31:41]} Rd1+ {[%clk 0:00:33]} 36. Kf2
{[%clk 0:32:05]} 1-0

[Event "IMP Kobiet do lat 20"]
[Site "Chotowa"]
[Date "2023.10.31"]
[Round "7.6"]
[White "Smietanska, Wiktoria"]
[Black "Hertlein, Irena"]
[Result "1/2-1/2"]
[BlackElo "1952"]
[WhiteElo "2071"]
[LiveChessVersion "1.4.8"]

1. c4 {[%clk 1:28:47]} e5 {[%clk 1:30:54]} 2. g3 {[%clk 1:27:46]} Nf6
{[%clk 1:30:48]} 3. Bg2 {[%clk 1:27:05]} d5 {[%clk 1:30:59]} 4. cxd5
{[%clk 1:26:43]} Nxd5 {[%clk 1:31:23]} 5. Nc3 {[%clk 1:26:02]} Nb6
{[%clk 1:31:45]} 6. Nf3 {[%clk 1:23:57]} Nc6 {[%clk 1:32:06]} 7. O-O
{[%clk 1:21:58]} Be7 {[%clk 1:32:07]} 8. d3 {[%clk 1:19:39]} O-O {[%clk 1:32:15]}
9. Be3 {[%clk 1:17:10]} Be6 {[%clk 1:27:00]} 10. Rc1 {[%clk 1:05:53]} Nd5
{[%clk 1:23:40]} 11. Bd2 {[%clk 0:59:23]} Qd7 {[%clk 1:14:32]} 12. Nxd5
{[%clk 0:52:30]} Bxd5 {[%clk 1:14:25]} 13. Bc3 {[%clk 0:52:32]} Bf6
{[%clk 1:12:18]} 14. a3 {[%clk 0:45:34]} a5 {[%clk 1:05:44]} 15. Nd2
{[%clk 0:43:50]} Bxg2 {[%clk 1:00:08]} 16. Kxg2 {[%clk 0:44:16]} Bg5
{[%clk 0:54:18]} 17. Rb1 {[%clk 0:41:15]} Bxd2 {[%clk 0:44:59]} 18. Qxd2
{[%clk 0:40:53]} Rfe8 {[%clk 0:44:24]} 19. Rbc1 {[%clk 0:32:32]} Ne7
{[%clk 0:37:15]} 20. Kg1 {[%clk 0:29:07]} Nd5 {[%clk 0:28:54]} 21. Bxa5
{[%clk 0:21:36]} Qh3 {[%clk 0:24:24]} 22. f3 {[%clk 0:19:39]} h5 {[%clk 0:20:02]}
23. e4 {[%clk 0:17:48]} b6 {[%clk 0:19:24]} 24. Bc3 {[%clk 0:17:21]} Nxc3
{[%clk 0:13:09]} 25. Rxc3 {[%clk 0:17:31]} c5 {[%clk 0:13:23]} 26. Qg2
{[%clk 0:13:25]} Qe6 {[%clk 0:13:06]} 27. f4 {[%clk 0:12:04]} exf4
{[%clk 0:11:34]} 28. Rxf4 {[%clk 0:11:51]} Rad8 {[%clk 0:07:59]} 29. Qf3
{[%clk 0:11:26]} g6 {[%clk 0:08:10]} 30. Rf6 {[%clk 0:09:30]} Qd7
{[%clk 0:06:57]} 31. Kg2 Re6 32. Qf2 {[%clk 0:06:39]} Qe7 {[%clk 0:05:42]} 33.
Rf3 {[%clk 0:06:45]} Red6 {[%clk 0:05:14]} 34. Qc2 {[%clk 0:05:18]} Qe5
{[%clk 0:02:13]} 35. Qb3 {[%clk 0:01:59]} Qe7 {[%clk 0:00:39]} 36. Qb5
{[%clk 0:01:04]} Kg7 37. b4 {[%clk 0:01:29]} cxb4 {[%clk 0:00:38]} 38. Qxb4
{[%clk 0:00:50]} Qe6 {[%clk 0:00:35]} 39. Qb5 {[%clk 0:30:44]} R8d7
{[%clk 0:30:37]} 40. Qb3 {[%clk 0:30:44]} Qe5 {[%clk 0:21:02]} 41. Rc4
{[%clk 0:22:06]} Qe7 {[%clk 0:20:20]} 42. Qc3+ Kg8 {[%clk 0:20:43]} 43. Rc8+
{[%clk 0:20:47]} Rd8 {[%clk 0:20:27]} 44. Rxd8+ {[%clk 0:14:14]} Rxd8
{[%clk 0:17:40]} 45. Qb3 {[%clk 0:10:31]} Rd6 {[%clk 0:13:44]} 46. Qc4
{[%clk 0:07:51]} Re6 {[%clk 0:11:46]} 47. Qb3 {[%clk 0:06:34]} Qc7
{[%clk 0:09:52]} 48. Qd5 {[%clk 0:03:44]} Qe7 {[%clk 0:09:53]} 49. Qa8+
{[%clk 0:03:39]} Kg7 {[%clk 0:08:53]} 50. Qa4 {[%clk 0:03:10]} Qd6
{[%clk 0:06:16]} 51. Kf2 {[%clk 0:01:45]} Rf6 52. Qb3 {[%clk 0:02:06]} Qd4+
{[%clk 0:05:39]} 53. Ke2 {[%clk 0:02:34]} Rxf3 {[%clk 0:06:01]} 54. Kxf3 Qg1
{[%clk 0:06:34]} 55. Qb2+ {[%clk 0:02:18]} Kg8 56. Qd2 {[%clk 0:02:10]} Qf1+
{[%clk 0:06:23]} 57. Ke3 {[%clk 0:01:05]} Qg1+ {[%clk 0:06:53]} 58. Kf3 Qf1+
{[%clk 0:07:18]} 59. Ke3 {[%clk 0:00:49]} Qg1+ {[%clk 0:06:59]} 60. Kf3
{[%clk 0:00:43]} Qf1+ 1/2-1/2

[Event "IMP Kobiet do lat 20"]
[Site "Chotowa"]
[Date "2023.10.31"]
[Round "7.7"]
[White "Jarocka, Liwia"]
[Black "Sprzeczka, Emilia"]
[Result "0-1"]
[BlackElo "1865"]
[WhiteElo "2208"]
[LiveChessVersion "1.4.8"]

1. e4 {[%clk 1:30:58]} c5 {[%clk 1:30:54]} 2. Nf3 {[%clk 1:31:17]} d6
{[%clk 1:31:18]} 3. d4 {[%clk 1:31:40]} cxd4 {[%clk 1:31:43]} 4. Nxd4
{[%clk 1:32:06]} Nf6 {[%clk 1:32:07]} 5. Nc3 {[%clk 1:32:20]} g6 {[%clk 1:32:30]}
6. Be3 {[%clk 1:32:38]} Bg7 {[%clk 1:32:53]} 7. f3 {[%clk 1:33:00]} O-O
{[%clk 1:33:16]} 8. Qd2 {[%clk 1:33:26]} Nc6 {[%clk 1:33:38]} 9. O-O-O
{[%clk 1:33:10]} d5 {[%clk 1:33:55]} 10. exd5 {[%clk 1:33:27]} Nxd5
{[%clk 1:34:18]} 11. Nxc6 {[%clk 1:33:47]} bxc6 {[%clk 1:34:42]} 12. Bd4
{[%clk 1:34:11]} e5 {[%clk 1:35:06]} 13. Bc5 {[%clk 1:34:26]} Re8
{[%clk 1:35:30]} 14. Ne4 {[%clk 1:34:03]} Qc7 {[%clk 1:35:44]} 15. Bc4
{[%clk 1:30:56]} Be6 {[%clk 1:34:51]} 16. h4 {[%clk 1:30:41]} Red8
{[%clk 1:28:02]} 17. Ng5 {[%clk 1:06:06]} Nf4 {[%clk 1:22:05]} 18. Nxe6
{[%clk 1:05:55]} Nxe6 {[%clk 1:20:34]} 19. Bd6 {[%clk 1:03:06]} Qb6
{[%clk 1:18:32]} 20. Bxe6 {[%clk 0:51:24]} fxe6 {[%clk 1:18:40]} 21. Qb4
{[%clk 0:48:33]} e4 {[%clk 0:54:33]} 22. Bc5 {[%clk 0:39:52]} Qa6
{[%clk 0:43:44]} 23. Qb3 {[%clk 0:30:39]} Qe2 {[%clk 0:37:41]} 24. Rxd8+
{[%clk 0:12:35]} Rxd8 {[%clk 0:38:05]} 25. Qxe6+ {[%clk 0:12:06]} Kh8
{[%clk 0:38:30]} 26. a3 {[%clk 0:11:30]} exf3 {[%clk 0:35:26]} 27. Qxe2
{[%clk 0:10:11]} fxe2 {[%clk 0:35:48]} 28. Be3 {[%clk 0:08:21]} Bxb2+
{[%clk 0:35:32]} 29. Kxb2 {[%clk 0:07:58]} Rd1 {[%clk 0:35:56]} 30. Bd4+
{[%clk 0:07:49]} Kg8 {[%clk 0:36:17]} 0-1

[Event "IMP Kobiet do lat 20"]
[Site "Chotowa"]
[Date "2023.10.31"]
[Round "7.8"]
[White "Woytitzki, Maja"]
[Black "Siekanska, Zuzanna"]
[Result "0-1"]
[BlackElo "1885"]
[WhiteElo "1295"]
[LiveChessVersion "1.4.8"]

1. d4 {[%clk 1:30:58]} d5 {[%clk 1:27:23]} 2. Nf3 {[%clk 1:31:14]} Nf6
{[%clk 1:26:57]} 3. c4 {[%clk 1:31:23]} e6 {[%clk 1:27:04]} 4. Nc3
{[%clk 1:31:45]} Be7 {[%clk 1:27:07]} 5. Bg5 {[%clk 1:28:45]} O-O
{[%clk 1:26:57]} 6. e3 {[%clk 1:28:55]} c6 {[%clk 1:27:05]} 7. Qc2
{[%clk 1:28:46]} b6 {[%clk 1:26:44]} 8. cxd5 {[%clk 1:26:42]} cxd5
{[%clk 1:25:23]} 9. Bd3 {[%clk 1:26:39]} h6 {[%clk 1:24:12]} 10. Bh4
{[%clk 1:26:02]} Ba6 {[%clk 1:23:56]} 11. Rc1 {[%clk 1:24:27]} Bxd3
{[%clk 1:21:25]} 12. Qxd3 {[%clk 1:24:49]} Nbd7 {[%clk 1:20:26]} 13. O-O
{[%clk 1:20:02]} a6 {[%clk 1:13:39]} 14. a4 {[%clk 1:16:37]} Ng4 {[%clk 1:11:20]}
15. Bg3 {[%clk 1:16:33]} f5 {[%clk 1:09:45]} 16. h3 {[%clk 1:16:16]} Ngf6
{[%clk 1:09:57]} 17. Ne2 {[%clk 1:16:13]} Ne4 {[%clk 1:03:48]} 18. Nf4
{[%clk 1:15:54]} Rf6 {[%clk 0:58:21]} 19. Rc6 {[%clk 1:13:44]} Nf8
{[%clk 0:46:04]} 20. Ne5 {[%clk 1:06:06]} Qe8 {[%clk 0:38:29]} 21. Rxb6
{[%clk 1:00:58]} g5 {[%clk 0:38:25]} 22. Ne2 {[%clk 1:00:55]} Qxa4
{[%clk 0:36:37]} 23. Nc6 {[%clk 1:00:27]} Rf7 {[%clk 0:35:05]} 24. Nc3
{[%clk 0:58:45]} Nxc3 {[%clk 0:34:46]} 25. bxc3 {[%clk 0:58:16]} Nd7
{[%clk 0:32:27]} 26. Nxe7+ {[%clk 0:55:45]} Rxe7 {[%clk 0:32:51]} 27. Rd6
{[%clk 0:55:18]} Nf6 {[%clk 0:31:33]} 28. Be5 {[%clk 0:55:15]} Ne4
{[%clk 0:31:39]} 29. f3 {[%clk 0:55:09]} Nxd6 {[%clk 0:31:53]} 30. Bxd6
{[%clk 0:55:23]} Rb7 {[%clk 0:30:55]} 31. g4 {[%clk 0:54:33]} Qd7
{[%clk 0:27:36]} 32. Be5 {[%clk 0:53:45]} a5 {[%clk 0:26:38]} 33. gxf5
{[%clk 0:52:31]} exf5 {[%clk 0:26:27]} 34. f4 {[%clk 0:52:53]} Rf8
{[%clk 0:17:35]} 35. Qa6 {[%clk 0:51:34]} Kh7 {[%clk 0:17:58]} 36. fxg5
{[%clk 0:50:49]} hxg5 {[%clk 0:18:17]} 37. Qxa5 {[%clk 0:49:48]} Rg8
{[%clk 0:13:55]} 38. Qa1 {[%clk 0:46:57]} Qe6 {[%clk 0:08:13]} 39. Qd1
{[%clk 0:46:45]} Rg6 {[%clk 0:06:25]} 40. Qc2 {[%clk 1:16:07]} Rf7
{[%clk 0:36:25]} 41. Rf2 {[%clk 1:13:02]} Qc8 {[%clk 0:34:19]} 42. Rg2
{[%clk 1:12:20]} Qa6 {[%clk 0:32:52]} 43. Qd1 {[%clk 1:12:27]} Kh6
{[%clk 0:30:58]} 44. Qe1 {[%clk 1:11:43]} Qd3 {[%clk 0:29:33]} 45. h4
{[%clk 1:10:21]} g4 {[%clk 0:29:19]} 46. Qc1 {[%clk 1:08:15]} Kh7
{[%clk 0:28:33]} 47. Rb2 {[%clk 1:08:01]} Rg8 {[%clk 0:20:27]} 48. Rb6
{[%clk 1:05:48]} Qe4 {[%clk 0:19:42]} 49. h5 {[%clk 1:05:28]} Rg5
{[%clk 0:15:45]} 50. Rb8 {[%clk 0:58:05]} Rxh5 {[%clk 0:14:52]} 51. Rh8+
{[%clk 0:58:08]} Kg6 {[%clk 0:15:17]} 52. Rxh5 {[%clk 0:57:39]} Kxh5
{[%clk 0:15:38]} 53. Qd2 {[%clk 0:57:23]} Rb7 {[%clk 0:13:43]} 54. Bg3
{[%clk 0:56:16]} Rb1+ {[%clk 0:13:39]} 55. Be1 {[%clk 0:56:19]} Kg6
{[%clk 0:12:19]} 56. c4 {[%clk 0:54:34]} dxc4 {[%clk 0:09:37]} 57. d5
{[%clk 0:50:21]} Qf3 {[%clk 0:09:51]} 58. d6 {[%clk 0:49:30]} Rd1
{[%clk 0:09:09]} 59. Qf2 {[%clk 0:48:27]} Qxf2+ {[%clk 0:09:21]} 60. Kxf2
{[%clk 0:48:51]} Rxd6 {[%clk 0:09:43]} 61. Bc3 {[%clk 0:47:28]} Rd3
{[%clk 0:10:01]} 62. Be1 {[%clk 0:47:37]} Kf6 {[%clk 0:09:50]} 63. Ke2
{[%clk 0:48:00]} Ke5 {[%clk 0:10:05]} 64. Bd2 {[%clk 0:47:34]} Ke4
{[%clk 0:10:27]} 65. Bc1 {[%clk 0:47:25]} c3 {[%clk 0:10:45]} 66. Kf2
{[%clk 0:47:02]} c2 {[%clk 0:11:02]} 67. Ke2 {[%clk 0:47:21]} Rd1
{[%clk 0:11:25]} 68. Ba3 {[%clk 0:47:34]} c1=Q {[%clk 0:10:57]} 69. Bxc1
{[%clk 0:48:01]} Rxc1 {[%clk 0:11:20]} 70. Kf2 {[%clk 0:48:25]} Rc2+
{[%clk 0:11:30]} 71. Kg1 {[%clk 0:48:48]} Kf3 {[%clk 0:11:44]} 72. Kh1
{[%clk 0:49:13]} g3 {[%clk 0:12:05]} 73. Kg1 {[%clk 0:49:38]} Rc1#
{[%clk 0:12:31]} 0-1

[Event "IMP Kobiet do lat 20"]
[Site "Chotowa"]
[Date "2023.10.31"]
[Round "7.9"]
[White "Zgoda, Aleksandra"]
[Black "Gaszka, Zuzanna"]
[Result "0-1"]
[BlackElo "1758"]
[WhiteElo "1536"]
[LiveChessVersion "1.4.8"]

1. d4 {[%clk 1:30:54]} d5 {[%clk 1:30:53]} 2. Bf4 {[%clk 1:31:14]} c5
{[%clk 1:31:17]} 3. e3 {[%clk 1:31:16]} cxd4 {[%clk 1:31:37]} 4. exd4
{[%clk 1:30:56]} Nc6 {[%clk 1:31:52]} 5. c3 {[%clk 1:30:33]} Bf5 {[%clk 1:32:03]}
6. Nd2 {[%clk 1:29:28]} e6 {[%clk 1:31:31]} 7. Ngf3 {[%clk 1:28:30]} f6
{[%clk 1:31:21]} 8. Qb3 {[%clk 1:23:18]} Qd7 {[%clk 1:31:17]} 9. Be2
{[%clk 1:21:25]} g5 {[%clk 1:30:42]} 10. Bg3 {[%clk 1:17:57]} h5 {[%clk 1:30:20]}
11. h3 {[%clk 1:17:12]} Nge7 {[%clk 1:27:15]} 12. O-O-O {[%clk 1:15:38]} a6
{[%clk 1:24:39]} 13. Nf1 {[%clk 1:09:49]} Na5 {[%clk 1:21:28]} 14. Qb6
{[%clk 1:06:01]} Qa4 {[%clk 1:06:23]} 15. Ne3 {[%clk 0:56:41]} Be4
{[%clk 0:55:38]} 16. Bd3 {[%clk 0:50:22]} Qxa2 {[%clk 0:53:04]} 17. Qxe6
{[%clk 0:46:27]} Rc8 {[%clk 0:49:20]} 18. Nxd5 {[%clk 0:40:57]} Rxc3+
{[%clk 0:47:45]} 19. Kd2 {[%clk 0:38:19]} Rxd3+ {[%clk 0:46:44]} 20. Ke2
{[%clk 0:33:46]} Qxb2+ {[%clk 0:44:44]} 21. Nd2 {[%clk 0:31:49]} Bxd5
{[%clk 0:44:24]} 22. Qxf6 {[%clk 0:31:38]} Rh6 {[%clk 0:43:54]} 23. Qxg5
{[%clk 0:30:28]} Rxd4 {[%clk 0:40:49]} 24. Rhe1 {[%clk 0:27:02]} Qb5+
{[%clk 0:37:30]} 25. Ke3 {[%clk 0:26:49]} Qd3# {[%clk 0:37:54]} 0-1